Normal view
MARC view
- Moeed
Entry Personal Name
001 - CONTROL NUMBER
- control field: 83850
003 - CONTROL NUMBER IDENTIFIER
- control field: NUST
005 - DATE AND TIME OF LATEST TRANSACTION
- control field: 20211110160001.0
008 - FIXED-LENGTH DATA ELEMENTS
- fixed length control field: 211110|| aca||aabn | a|a d
040 ## - CATALOGING SOURCE
- Original cataloging agency: NUST
- Transcribing agency: NUST
100 ## - HEADING--PERSONAL NAME
- Personal name: Moeed
670 ## - SOURCE DATA FOUND
- Source citation: Work cat.: (NUST)32074: Moeed, Automobile Engineering /, 2010.
